000 01298nam a2200241Ia 4500
999 _c55460
_d55460
001 22542
003 GE_BSU
005 20220920095602.0
008 181216s2013||||ge |||||||||||||| ||geo||
040 _cGE_BSU
041 _ageo
080 _a81 ლ-73
100 _aღლონტი - ქათამაძე, ირმა
_911540
245 _aბი- /პოლილინგი ბავშვის სამყაროს ენობრივი სურათის მეტაფორული მოდელირება: დისერტაცია /
_cირმა ღლონტი-ქათამაძე; სამეცნიერო ხელმძღვანელი მ. აროშიძე.
264 _aბათუმი,
_c2013.
300 _a137 გვ. ;
_b30 სმ.
300 _eბიბლ.გვ.130-137
653 _aბი-/პოლილინგი ბავშვის სამყაროს ენობრივი სურათის მეტაფორული მოდელირება
653 _aფილოლოგია
653 _aდისერტაცია
700 _aაროშიძე, მ.
_eსამეცნიერო ხელმძღვანელი
_911086
942 _cBK
_2udc